[Event "Dubai op"]
[Site "Dubai"]
[Date "2001.04.25"]
[Round "9"]
[White "Ghaem Maghami, Ehsan"]
[Black "Sturua, Zurab"]
[Result "0-1"]
[WhiteElo "2500"]
[BlackElo "2600"]
[Annotator "Gofshtein,L"]
[PlyCount "67"]
[EventDate "2001.04.15"]
[EventType "swiss"]
[EventRounds "9"]
[EventCountry "UAE"]
[SourceTitle "CBM 083"]
[Source "ChessBase"]
[SourceDate "2001.07.05"]
[SourceVersion "1"]
[SourceVersionDate "2001.07.05"]
[SourceQuality "1"]

1. e4 c5 2. Nf3 d6 3. d4 cxd4 4. Nxd4 Nf6 5. Nc3 Nc6 6. Bc4 Qb6 7. Nde2 e6 8.
O-O a6 9. h3 {we can see model plan for white's attack in the king side in the
game Dvoirys-Andrianov.This game coud be good example for white.} (9. Bg5 Qc5
$5 10. Bxf6 Qxc4 11. Bh4 Ne5 12. a4 b6 13. f4 Ng4 14. Rf3 Bb7 15. h3 h5 $132 {
1/2-1/2 Ljubojevic,L-Ribli,Z/Las Palmas 1974/MCD (23)}) (9. a4 Be7 10. h3 O-O
11. Be3 Qc7 12. Bd3 b6 13. f4 Bb7 14. Qe1 Nb4 15. Qf2 Nd7 16. Ng3 Bh4 $132 {
1-0 Janosevic,D-Padevsky,N/Sarajevo 1974/EXT 2001 (33)}) (9. a3 Be7 10. Ba2 O-O
11. Kh1 Qc7 12. f4 Bd7 13. f5 Ne5 14. Nf4 Nc4 15. Qe2 b5 $132 {0-1 Helmertz,
P-Ostberg,P/Stockholm 1977/MCD (40)}) (9. Kh1 Be7 10. Ng3 (10. f4 O-O 11. Qe1
Qc7 12. a4 d5 13. exd5 Nb4 14. Bb3 Nbxd5 $132 {1-0 Ljubisavljevic,Z-Radulov,I/
Smederevska Polanka 1979/EXT 2001 (51)}) 10... O-O 11. f4 Qc7 12. a4 Bd7 13. f5
Ne5 14. Bb3 Nc4 15. Bxc4 Qxc4 16. Bg5 $36 {1-0 Dvoirys,S-Andrianov,N/
Ordzhonikidze 1978/EXT 2001 (26)}) (9. Be3 Qc7 10. Ng3 b5 11. Bd3 Be7 12. f4
Rb8 13. Kh1 O-O 14. Nce2 Bb7 15. f5 Ng4 16. Bg1 Nce5 $132 {1/2-1/2 Hracek,
Z-Gross,S/Karvina 1989/EXT 97 (16)}) (9. Bb3 Qc7 10. Bg5 Be7 11. Ng3 h6 12. Be3
b5 13. f4 Na5 14. f5 Nc4 15. Bxc4 Qxc4 16. fxe6 Bxe6 $13 {1/2-1/2 Klein,
M-Reinartz,G/Nordwalde 1988/EXT 97 (18)}) 9... Be7 10. Be3 Qc7 11. f4 (11. Bb3
b5 12. Ng3 Bb7 13. f4 Na5 14. f5 Nc4 (14... Nxb3 $6 15. cxb3) 15. Bg5 Nxb2 $1
16. Qf3 Nc4 17. Nh5 Nxh5 18. Bxe7 Qxe7 19. Qxh5 exf5 $1 20. Bxc4 bxc4 21. Rae1
(21. exf5 $2 Qe3+ 22. Kh1 (22. Kh2 Qxc3 23. Qg5 Qe5+ $19) 22... Qxc3 23. Qg5
Qxh3+ 24. Kg1 Qxg2+ $19) 21... O-O 22. Rxf5 Rae8 23. Qd1 Qc7 24. Qd4 Re6 25.
Ref1 g6 26. Rf6 Rxf6 27. Rxf6 Rd8 28. Kf2 Rd7 29. g4 $6 d5 $1 30. e5 Re7 31.
Nxd5 Bxd5 32. Qxd5 Rxe5 33. Qd4 Qe7 34. Rd6 h5 35. Kf3 Kh7 $1 36. Rd7 Qf6+ 37.
Kg3 h4+ 38. Kg2 Re2+ 39. Kg1 Qf3 {0-1 Honfi,K-Benko,P/Budapest 1957/EXT 2000/
[Florian,T] (39)}) 11... b5 12. Bd3 O-O 13. a4 b4 14. Nb1 d5 15. e5 Ne4 16. Nd2
Rd8 $1 {[%cal Yd8d1]} 17. Qe1 (17. Bxe4 dxe4 18. Qc1 Bb7 19. Ng3 Na5 $36 {
[%csl Yc4][%cal Ya5c4,Yb7e4,Yc7c2]}) 17... Bb7 18. Nb3 {[%csl Yb3,Rd4][%cal
Yb3d4,Ye2d4,Yb3c5] white take control on d4,and b3 squares} (18. Nxe4 dxe4 19.
Bxe4 Na5 20. Bxb7 Nxb7 $44) 18... a5 19. Ned4 Nxd4 20. Bxd4 (20. Nxd4) 20...
Bc6 21. Qe3 {[%csl Rb6][%cal Yd4b6]} Rab8 {[%csl Rb6][%cal Yb8b5]} 22. f5 {
this break on the king side does not give nothing real ,because most of
white's pieces stand to far from black's king.} exf5 23. Rxf5 Bd7 {This black
bishop transfer from c6 to e6 makes position of black more stable.} 24. Rff1
Be6 25. Rad1 h6 26. Rf3 Bg5 27. Qe2 Ra8 {[%csl Ra5][%cal Ra8a5] Reliable
defence of a5 sguare impoves black's queen mobility.} 28. Rdf1 Rdc8 {[%cal
Rc7c2]} 29. Rd1 Qc6 30. Kh2 Qb7 $11 (30... Qxa4 $2 31. Bb5 Rxc2 (31... Qa2 32.
Ra1 $18) 32. Qd3 Qa2 33. Qxc2 $18) 31. Rg1 Qb8 32. Bb5 Rc7 33. c3 $6 bxc3 34.
bxc3 $15 {probably,white lost because time-trouble} 0-1

[Event "Olympiad-36"]
[Site "Mallorca"]
[Date "2004.10.20"]
[Round "6"]
[White "Reefat, Bin Sattar"]
[Black "Gallagher, Joseph G"]
[Result "0-1"]
[WhiteElo "2462"]
[BlackElo "2543"]
[Annotator "Gofshtein,L"]
[PlyCount "70"]
[EventDate "2004.10.15"]
[EventType "team-swiss"]
[EventRounds "14"]
[EventCountry "ESP"]
[SourceTitle "CBM 104"]
[Source "ChessBase"]
[SourceDate "2005.01.27"]
[SourceVersion "1"]
[SourceVersionDate "2005.01.27"]
[SourceQuality "1"]
[WhiteTeam "Bangladesh"]
[BlackTeam "Switzerland"]
[WhiteTeamCountry "BAN"]
[BlackTeamCountry "SUI"]

1. e4 {[%mdl 4]} c5 2. Nf3 d6 3. d4 cxd4 4. Nxd4 Nf6 5. Nc3 Nc6 6. Bc4 Qb6 7.
Nb3 {is more dangerous for black, see the game Macieja-Kotronias, 2004.} (7.
Ndb5 $5) 7... e6 8. O-O Be7 9. a4 {9.Be3 or 9.Kh1 deserve attention, not
weakening the b4 square, for example:} (9. Be3 Qc7 10. f4 a6 11. Bd3 b5 12. Qf3
Bb7 (12... O-O 13. Rae1 Nb4 14. a3 Nxd3 15. cxd3 Bb7 16. Qh3 Rfe8 17. Nd4 Bf8
$132 {0-1 Areshchenko,A-Smirin,I/Istanbul 2003/CBM 96/[Hecht] (55)}) 13. a4 b4
14. Ne2 g6 $132 {1-0 Sokolov,A-Bauer,C/Aix les Bains 2003/CBM 97/[Ftacnik] (70)
}) (9. Kh1 $5 Qc7 10. Bd3 a6 11. f4 O-O 12. Qf3 (12. a4 {— 34/(250)}) 12... b5
13. Bd2 Bb7 14. Qh3 Rfd8 $6 $146 (14... Rad8) (14... b4 $5) 15. a4 $5 b4 16.
Nd1 d5 17. e5 Ne4 18. Ne3 $36 {1-0 Movsesian,S-Stefansson,H/Reykjavik (m) 2003/
Inf 87/[Movsesian,S] (41)}) 9... O-O 10. Be3 Qc7 11. f4 Rd8 {[%cal Gd8d6,Rd6d5]
A typical rook move. Black prepares d6-d5 in some cases.} 12. Bd3 Nb4 $5 {
Black targets white's light squared bishop so he could take it in a proper
moment. The immideate 12...d5 is premature, as the game given below shows
white has a clear advantage.} (12... d5 $6 13. e5 Ne4 14. Nb5 Qb8 15. c3 a6 16.
N5d4 $16 {1-0 Zapata,A-Mendez Ataria,E/Sao Paulo 2001/CBM 84 ext (26)}) 13. Qf3
Bd7 {[%cal Gd7c6]} 14. g4 {white carries out a typical offense on the kingside.
} (14. h3 e5 15. Qf2 Be6 $132 {1-0 Velimirovic,D-Martinovic,S/Smederevska
Palanka 1979/EXT 2001 (57)}) 14... Bc6 {[%cal Gc6e4,Rf6d7] Black brings the
bishop to a more active position and also frees the d7 square for his knight.}
15. g5 Nd7 16. Nd4 {White brings the knight to the centre, preparing the
advance f4-f5.} (16. Qh3 Nxd3 17. cxd3 Nc5 $132) 16... Bf8 {A profilactic move.
Black moves his bishop preparing in some cases to move it to g7 after g7-g6.}
17. Qh3 (17. f5 Ne5 18. Qe2 exf5 $132) 17... Re8 {Again a profilactic move.
Black is getting ready to white's attack.} 18. Nf3 (18. f5 exf5 19. exf5 Nxd3
20. g6 fxg6 21. fxg6 h6 22. cxd3 Ne5 $132) 18... g6 $5 {Preventing the break
g5-g6 and preparing to move his bishop to a more active diagonal.} (18... a6
19. g6 $5 hxg6 (19... fxg6 20. Ng5 Nf6 21. Nxe6 Qe7 22. Bc4 $13) 20. Ng5 Nf6
21. e5 $40) 19. Rae1 Bg7 {[%cal Rg7c3]} 20. Qg3 {[%cal Rh2h4] Making way for
the h-pawn. 20.Bd4 also deserved attention, consolidating the position.} (20.
Bd4 e5 $5 (20... Nxd3 21. cxd3 Bxd4+ 22. Nxd4 Qb6 23. Qe3) 21. fxe5 Nxe5 22.
Nxe5 dxe5 $132) 20... Qa5 21. h4 $2 {White is recklessly continues his attack,
now 21.Bd4 was necessary trading black's strong bishop.} (21. Bd4 $5 Nxd3 22.
cxd3 Bxd4+ 23. Nxd4) 21... Nc5 $5 {[%cal Rc5d3,Rc5a4] Black is taking over the
initiative. It is difficult for white to protect all his weaknesses.} (21...
Nxd3 22. cxd3 Bxc3 23. bxc3 Qxc3 24. Rd1 Bxa4 25. Bd4 Qb3) 22. Rd1 Nxa4 $36 23.
Nd4 (23. Ra1 Bxc3 24. bxc3 Nxd3 25. cxd3 Qxc3 $17) 23... Nxd3 {Black has an
extra pawn already and wants to enlarge his material advantage.} 24. Nxc6 bxc6
25. Nxa4 Qxa4 26. cxd3 Reb8 $5 {bringing the rook to a more active place.} (
26... Bxb2 $5) 27. e5 {white tries to activize his position in order to get
some compensation for black's large material advantage.} Rxb2 28. d4 (28. exd6
Qb4) 28... Qb5 $19 29. Qf3 d5 {Reducing white's possibilities, by closing the
position.} 30. Rc1 Rc8 31. h5 a5 {Getting his passed pawn closer to the first
rank.} 32. hxg6 hxg6 33. Rf2 {White doesn't have any real opportunity to
create anything dangerous for the black king.} a4 34. Rxb2 Qxb2 35. Qd1 a3 0-1

[Event "RUS-Cup01 Chigorin Memorial"]
[Site "St Petersburg"]
[Date "1997.11.09"]
[Round "9"]
[White "Macieja, Bartlomiej"]
[Black "Bets, Anatolij"]
[Result "1-0"]
[WhiteElo "2470"]
[BlackElo "2350"]
[Annotator "Gofshtein,L"]
[PlyCount "48"]
[EventDate "1997.11.01"]
[EventType "swiss"]
[EventRounds "9"]
[EventCountry "RUS"]
[SourceTitle "CBM 062"]
[Source "ChessBase"]
[SourceDate "1998.01.31"]
[SourceVersion "1"]
[SourceVersionDate "1998.01.31"]
[SourceQuality "1"]

1. e4 c5 2. Nf3 Nc6 3. d4 cxd4 4. Nxd4 Nf6 5. Nc3 d6 6. Bc4 Qb6 7. Ndb5 a6 8.
Be3 Qa5 9. Nd4 e6 (9... Ng4 10. Nxc6 (10. O-O Nxe3 11. fxe3 Ne5 12. Qh5 $1 g6
13. Bxf7+ Kd8 14. Qh4 Nxf7 15. Rxf7 Qh5 16. Qf2 $18 {Grigoriants-Kalugin
Moskow 1996}) 10... bxc6 11. Bd2 g6 12. Be2 Ne5 13. f4 Nd7 14. Nd5 Qd8 15. Bc3
e5 16. Ne3 Be7 17. Nc4 Qc7 18. Qd2 O-O 19. O-O-O Nc5 20. Qe3 f6 21. Bb4 $16 {
Kobalija-Dragomarezkij,Moscow 1996}) 10. O-O Be7 11. Bb3 O-O 12. f4 Nxd4 (12...
Bd7 13. f5 (13. Kh1 Rae8 14. Qf3 Qc7 15. f5 Nxd4 16. Bxd4 h6 17. Rae1 b5 18. a3
Qb7 19. Qg3 Kh8 20. fxe6 fxe6 21. e5 $16 {Ivanovich-Levin,Podgorica 1993})
13... Nxd4 14. Bxd4 exf5 (14... b5 $6 15. Bxf6 Bxf6 16. Qxd6 b4 17. Qxd7 Rfd8
18. Qa4 Qb6+ 19. Kh1 bxc3 20. fxe6 fxe6 21. bxc3 $16 {Kengis-Lukin,1990 Russia}
) (14... Qc7 15. Qd3 exf5 (15... b5 16. a3 Kh8 17. Rad1 Qb7 18. Kh1 Rae8 19.
Bxf6 Bxf6 20. Qxd6 $16 {Hernandes-Ionov,1996 Ubeda} Bc6) 16. exf5 Bc6 17. Rae1
b5 18. a3 Rae8 19. Re2 Bd8 20. Rfe1 Rxe2 21. Rxe2 Qb7 22. h3 $11 {Aseev-Ionov,
1996 Russia}) 15. exf5 (15. Nd5 Nxd5 16. Bxd5 Rab8 17. Bc3 Qc5+ 18. Bd4 Qa5 $11
{Golubev-Popchev,Skopje 1991}) 15... Bc6 16. Qd3 Rae8 17. Rad1 (17. Rae1 Bd8
18. Rxe8 Rxe8 19. Kh1 h6 20. Qg3 Qb4 21. Rd1 Qa5 22. Rf1 $11 {Koch-Hernandes,
1993 Argentina}) 17... Nd7 18. Qg3 Bf6 19. Qxd6 Bxd4+ 20. Qxd4 Nf6 21. Nd5 Bxd5
22. Bxd5 Rd8 23. c4 $11 {Short-Kramnik,Novgorod 1996}) 13. Bxd4 e5 (13... Bd7
14. e5 dxe5 15. fxe5 Ne8 16. Kh1 Bc6 17. Qg4 Nc7 18. Ne4 Bxe4 19. Qxe4 $14) 14.
fxe5 (14. Be3 exf4 15. Rxf4 Be6 16. Qf3 Nd7 17. Nd5 Bg5 18. Qh5 Qd8 19. Rf3
Bxe3+ 20. Rxe3 Bxd5 21. Qxd5 Qb6 $11 {De Firmian-Fedorovich,USA1984}) (14. Bf2
exf4 15. Bd4 Be6 16. Rxf4 Qg5 17. Qf1 Rac8 18. Rd1 Ng4 19. Rd3 Ne5 20. Rg3 Qh6
21. Nd5 Bg5 22. Rf5 Bd8 23. Ne3 Bxb3 24. axb3 Qe6 25. c3 Ng6 26. Rh5 Qxe4 27.
Nf5 Rc6 28. Bxg7 $18 {Velimirovich-Mihaljisin,Banja-Luka1981}) 14... dxe5 15.
Be3 Ng4 $2 (15... Be6 $142 16. Qe1 Bc5 $11) 16. Qd5 $1 Qxd5 (16... Qc7 17. Rxf7
) 17. Nxd5 Bd6 (17... Bd8 18. Bc5 Re8 19. Nc7 $18) (17... Nxe3 18. Nxe7+ Kh8
19. Rxf7 Rxf7 20. Bxf7 $16) 18. Bb6 Be6 19. Rad1 $16 Rac8 20. h3 Bxd5 $2 (20...
Rc6 21. hxg4 Bxd5 22. Rxd5 Rxb6 23. Rfd1 Bb8 24. Rd7 Ba7 25. Kh2 Rh6+ 26. Kg3
Rf6 27. g5 Rf4 28. Kh3 g6 29. g3 Rf2 30. Rxb7 Bd4 31. c3 Be3 32. Kg4 Kg7 33.
Rdd7 h5+ 34. gxh6+ Bxh6 35. Bd5 Bd2 36. c4 Be1 37. c5 Rg2 38. Rb3 Kh6 39. Rxf7
{1-0 Gobet,F-Hort,V/Biel 1982/MCD-r8}) 21. Rxd5 $18 Nf6 22. Rxd6 Nxe4 23. Rd7
Nf6 24. Rxb7 Rc6 1-0

[Event "ASEAN GM 1st"]
[Site "Bangkok"]
[Date "2004.06.09"]
[Round "7"]
[White "Zaw, Win Lay"]
[Black "Aung, Thant Zin"]
[Result "1/2-1/2"]
[WhiteElo "2475"]
[BlackElo "2466"]
[Annotator "Gofshtein,L"]
[PlyCount "41"]
[EventDate "2004.06.04"]
[EventType "tourn"]
[EventRounds "10"]
[EventCountry "THA"]
[EventCategory "10"]
[SourceTitle "CBM 102"]
[Source "ChessBase"]
[SourceDate "2004.09.23"]
[SourceVersion "1"]
[SourceVersionDate "2004.09.23"]
[SourceQuality "1"]

1. e4 c5 2. Nf3 Nc6 3. d4 cxd4 4. Nxd4 Nf6 5. Nc3 d6 6. Bc4 Qb6 7. Nxc6 bxc6 8.
O-O g6 {In this position white has a few possible moves (except 9.b3) - 9.Be3,
9.e5 and 9.Bb3} 9. b3 (9. Be3 Qc7 (9... Qxb2 {is very dangerous for black} 10.
Bd4 e5 11. Rb1 Qa3 12. Rb3 Qa5 13. Be3 {and white's initiative is very strong})
10. f4 (10. Qe2 Bg7 11. f4 O-O 12. Bd4 e5 13. Be3 Ng4 14. f5 gxf5 15. exf5 Nxe3
16. Qxe3 Qb6 17. Rae1 d5 $17 {0-1 Kosten,A-Strauss,D/Brighton 1984/EXT 99 (53)}
) 10... Bg7 11. Bd4 O-O 12. Kh1 e5 13. fxe5 dxe5 14. Bc5 Re8 15. Qf3 Be6 $14 {
Todorovic-Leskur,Vrnjacka Banja,1996} 16. Bxe6) (9. e5 $5 dxe5 10. Qe2 Qd4 11.
Be3 Qd6 $1 12. Rad1 Qc7 13. f4 Bg4 14. Qf2 e4 15. Rde1 Bf5 $1 16. h3 h5 17. Bd4
Bg7 18. b3 O-O 19. Bxf6 Bxf6 20. Nxe4 Bxe4 21. Rxe4 Qb6 $11 {1/2-1/2 Topalov,
V-Kramnik,V/Novgorod 1997}) (9. Bb3 Bg7 10. Bf4 Nd7 11. Qf3 O-O 12. Bg5 Qc7 13.
Qg3 Nc5 14. Qh4 Ba6 15. Rfe1 Rae8 16. Re3 Nxb3 17. axb3 Bc8 18. Rae1 e5 19. Rd3
f6 20. Bh6 Bxh6 21. Qxh6 f5 22. Red1 {1/2-1/2 Kindermann,S-Pelletier,Y/
Portoroz 1998/EXT 99 (22)}) 9... Bg7 10. Bb2 {White chose a very harmless line,
he can hardly expect to reach any advantage with it} O-O (10... Nxe4 $4 {
doesn't work in view of} 11. Na4) 11. Na4 ({The immideate} 11. Re1 $6 {allows
a tactical shot} Ng4 $1 {and white is the one who is fighting for an equality}
12. Qd2 (12. Qe2 Qa5 {is very unpleasent for white, for example:} (12... Nxf2
13. Na4 Nh3+ 14. Kh1 Nf2+ {is a draw}) 13. Qd2 Qe5 14. g3 Qh5 {and black
totally seizes the initiative}) 12... Nxf2 13. Na4 Nxe4+ ({Black can also give
a perpetual check if he wants but it looks as he has more than that} 13... Nh3+
14. Kh1 Qf2) 14. Nxb6 Nxd2 15. Bxg7 axb6 16. Bxf8 Kxf8 17. Bd3 Bf5 $15 {
and the black knight is feeling fine after ...d5 and Ne4}) 11... Qc7 12. Qe2 d5
{After white removed his knight from the centre this blow becomes possible,
although 12...e5 is not bad too} (12... e5 13. Rad1 Rd8 14. Rd3 (14. Nc3 Bb7 {
and black plays d6-d5 anyway}) 14... d5 15. exd5 Nxd5 {0-1 Gross,D-Damljanovic,
B/Valjevo 2000/CBM 76 ext (44) and black is fine}) 13. exd5 cxd5 14. Be5 (14.
Bd3 $6 Ng4 15. g3 e5 {and black seems even a little better}) 14... Qa5 15. Bc3
Qc7 16. Be5 ({Now} 16. Bd3 $4 {loses at once} Ng4 $19) 16... Qa5 17. Bd3 {
white decides to play on, but the position is equal} Bd7 18. Qe1 $6 {white
hopes that in the forthcoming endgame his pair of bishops would be enough
compensation for the corrupted pawn structure, this evaluation seems dubious} (
18. Nb2 {was a better option} Rac8 19. c4 {with equality}) 18... Qxe1 19. Rfxe1
Bxa4 20. bxa4 e6 21. Rab1 {Black is better and I think he could have continued
the game with no risk} (21. Rab1 Nd7 22. Bd6 Rfc8 23. Rb7 Nc5 $15) 1/2-1/2

[Event "Sigeman & Co 09th"]
[Site "Malmo"]
[Date "2001.06.20"]
[Round "9"]
[White "Wedberg, Tom Birger"]
[Black "Gulko, Boris F"]
[Result "0-1"]
[WhiteElo "2505"]
[BlackElo "2606"]
[Annotator "Gofshtein,L"]
[PlyCount "160"]
[EventDate "2001.06.12"]
[EventType "tourn"]
[EventRounds "9"]
[EventCountry "SWE"]
[EventCategory "13"]
[SourceTitle "CBM 084"]
[Source "ChessBase"]
[SourceDate "2001.09.13"]
[SourceVersion "1"]
[SourceVersionDate "2001.09.13"]
[SourceQuality "1"]

1. e4 c5 2. Nf3 Nc6 3. d4 cxd4 4. Nxd4 Nf6 5. Nc3 d6 6. Bc4 Qb6 7. Nb3 e6 8.
O-O Be7 9. Bg5 Bd7 {Rare move} ({Much more popular are:} 9... Ne5) (9... O-O {
-mainlines.}) 10. Kh1 $6 $132 {White decides do not play} (10. Bxf6 $1 {
[%mdl 4] and Black had to capture on f6 with Pg7, with certain damage of PP
chain.} gxf6 (10... Bxf6 $6 11. Qxd6 Be5 12. Qc5 $14) 11. Qh5 Rc8 12. Kh1 Nb4
13. Bd3 Nxd3 14. cxd3 Qa6 {[%csl Gd7,Ge7,Re8,Rf6,Rf7] This position is quite
complicated. Black has pair of BB, in other hand, doubled PP f and Ke8 hasn't
convenient "home". So, position of White can be prefered.} 15. Qe2 $14 {
1-0 Kuczynski,R-Khasin,A/Dresden 1988/CBM 10 (51)} (15. d4 $5 $14)) 10... Rc8
$1 (10... a6 $143 $6 11. Bxf6 $1 gxf6 12. Qh5 Ne5 13. Be2 O-O-O 14. f4 Ng6 $14
{1/2-1/2 Rublevsky,S-Belikov,V/Sochi 1990/TD (39)}) 11. Bxf6 {Too late!} (11.
Be2 O-O 12. Be3 Qc7 $132) 11... Bxf6 $1 {Of course!} ({Now Black doesn't need
to play} 11... gxf6) 12. Nb5 (12. Qxd6 Nb4 $1 {[%csl Rc2,Rc4][%cal Gc8c2,Gf6b2]
} 13. Qxb6 axb6 14. Nd2 Nxc2 15. Rac1 Bxc3 16. bxc3 Na3 $132) 12... O-O 13. Be2
({White didn't play} 13. Nxd6 {Because of unpleasant pin} Rcd8 $1 {[%csl Rb2,
Rd6][%cal Gf6b2,Gd8d1]} 14. c3 Ne5 (14... Be7 15. f4 Nb8 {[%csl Rd6]} 16. e5
Ba4 17. Qh5 Bxd6 18. exd6 Rxd6 $132) 15. f4 Ba4 16. fxe5 Bxe5 17. Bxe6 Rxd6 18.
Bd5 Qc7 $44) 13... d5 $1 {Opening space for pair of BB.} 14. exd5 exd5 (14...
Nb4 $1 {[%csl Rb5,Rc2]} 15. N5d4 Nxd5 $15) 15. Qxd5 (15. c3 Rce8 $5 (15... Ne5
$6 16. Qxd5 $14) 16. Bd3 $132) 15... Be6 16. Qe4 Bxb2 17. Rab1 Bf6 18. c4 (18.
Nd6 Rb8 $1 {[%csl Rb7][%cal Gb8b7]} 19. Bd3 g6 20. Nc4 Qc7 $15) 18... Ne7 19.
c5 Qc6 20. Nd6 (20. Qxc6 Nxc6 21. Nd6 Rc7 22. Bf3 Rb8 23. Rfd1 $132) 20... b6
$5 21. Qf4 ({Black leaves with advantage in case of} 21. Bd3 {[%csl Rc8,Rh7]
[%cal Gd3h7,Gd6c8]} Qxe4 $8 22. Bxe4 Rcd8 23. Nb7 Bd5 $1 (23... Rc8 24. Nd6
Rcd8 25. Nb7 $11) 24. Bxd5 (24. Nxd8 Bxe4 25. Rbd1 Bd5 {[%csl Rd8]} 26. Rxd5
Nxd5 27. Nb7 $15) 24... Rxd5 25. Rfd1 Rb8 26. Rxd5 Nxd5 27. Re1 g6 28. Nd6 bxc5
29. Nxc5 Rb2 $17) 21... Ng6 22. Qc1 ({Interesting, but wrong was} 22. Qe3 $6
Nh4 $1 {[%csl Rg2][%cal Gh4g2,Gc6g2,Gh4f5]} (22... Bd5 $6 {[%csl Rg2][%cal
Gc6g2]} 23. f3 Rcd8 24. Bb5 Qc7 25. Ne8 $140 $1 Qe7 26. Nxf6+ Qxf6 27. cxb6 $11
) 23. Ne4 $1 (23. Qg3 Nf5 24. Nxf5 Bxf5 25. Rbc1 Qa4 26. Qf3 Be6 27. c6 Qxa2
28. Bc4 Bxc4 29. Rxc4 $17) 23... Bxb3 24. axb3 Rfe8 25. Bd3 bxc5 $17 {[%cal
Gf6d4]}) 22... Bd5 {[%csl Rg2][%cal Gc6g2]} 23. f3 Rcd8 24. Bb5 Qc7 25. Ne4 Be5
26. cxb6 {White kept material equality, but it is not easy to neutralize pair
of BB...} axb6 (26... Qxb6 $15) 27. Qxc7 Bxc7 {[%csl Gc7,Gd5]} 28. a4 Ne5 {
Now starts a phase of "long manoeunres", and Black eventually gets serious
advantage.} 29. Rfc1 Bb8 30. Nbd2 (30. Re1 $144 f6 (30... f5 31. Nc3 Bb7 32.
Ne2 $132) 31. Ng3 Nc4 32. Nd4 Na3 33. Ra1 Nxb5 $15) 30... f5 31. Nc3 Be6 32.
Nf1 (32. Rc2 Rd6 $15) 32... Rd6 33. Re1 Rc8 34. Rxe5 Rxc3 35. Rbe1 Kf7 36. Ng3
Rc5 37. R5e2 g6 {[%csl Rg3][%cal Gg6f5,Gg6h5]} 38. Kg1 Bc7 39. Nh1 (39. Kf2 Kf6
40. Nf1 Bf7 $17) 39... Kf6 40. Nf2 Bf7 $17 41. f4 Rd4 42. g3 Bd6 {[%cal Gd6c5]}
(42... h6 $5 {[%cal Gg6g5]}) 43. Rb1 Rc3 44. Nd1 Rb3 45. Rc1 Ba3 46. Ra1 (46.
Rc6+ Kg7 47. Ne3 Re4 48. Kf2 Bc5 $19) 46... Bc5 47. Kf1 Bd5 $6 {Last 20 moves
changed position to Black favour. Black pieces catched dominant position.} 48.
Nf2 (48. Re5 $142 Rd2 49. Re2 Rf3+ 50. Ke1 Rd4 $17) 48... Rxb5 $1 $19 {
Advantage transformation. Black wins a P.} 49. axb5 Bc4 50. Raa2 Bxb5 51. Kg2
Bxe2 52. Rxe2 b5 53. Rb2 b4 54. Kf3 Ke6 ({Another way was} 54... Rd6 55. Ke2
Re6+ 56. Kd3 Re3+ 57. Kc4 Rc3+ 58. Kb5 h6 (58... Bxf2 59. Rxf2 b3 60. Rb2 Ke6
61. Kb4 Rc2 62. Rxb3 $1 (62. Kxb3 Rxb2+ 63. Kxb2 Kd5 64. Kc3 Ke4 65. Kd2 Kf3
$19) 62... Rxh2 63. Kc4 Rd2 64. Rb6+ Rd6 65. Rb1 Kf6 66. Rb7 h5 67. Ra7 $44)
59. Nd1 Rc1 60. Rd2 (60. Nf2 Bd4 61. Rd2 b3 $19) 60... g5 $19 {[%csl Rf4][%cal
Gb4b1]}) 55. Ke2 Kd5 56. Nd3 Bd6 57. Rc2 Re4+ 58. Kd1 Rd4 59. Ke2 Re4+ 60. Kd1
Re7 61. Rc8 Kd4 62. Nb2 Rc7 ({Or} 62... h6 63. Rd8 Re6 64. Kc2 g5 $19) 63. Rd8
({Loses also} 63. Rxc7 Bxc7 64. Kc2 Ke3 65. Kb3 Kf2 $19 {[%csl Rf4,Rg3,Rh2]})
63... Rc6 64. Rd7 h5 65. Rg7 Bc7 66. Rd7+ Ke4 67. Re7+ Kf3 68. Kd2 Kg2 69. Nd3
Kxh2 70. Ke2 Kxg3 71. Nxb4 Rc4 72. Nd5 Bxf4 73. Rg7 g5 74. Ne7 Kg4 75. Ng8 Re4+
76. Kd3 Re6 77. Rh7 Be5 78. Nh6+ Kf4 79. Nxf5 Kxf5 80. Rxh5 Bf4 0-1